|
000
|
00780nam2 2200277 45
|
|
001
|
2873
|
|
005
|
20061008133657.0
|
|
009
|
012004075920
|
|
010
|
|
@a7-5418-2077-6@dCNY26.80
|
|
100
|
|
@a20071205d2006 em y0chiy0110 ea
|
|
101
|
0
|
@achi
|
|
102
|
|
@aCN@b610000
|
|
105
|
|
@aa z 000yy
|
|
106
|
|
@ar
|
|
200
|
1
|
@a靓装时空@ALiang Zhuang Shi Kong@e秋冬时装@hA@f[金版主编]
|
|
205
|
|
@a2版
|
|
210
|
|
@a西安@c陕西旅游出版社@d2006
|
|
215
|
|
@a144页@d26cm
|
|
225
|
2
|
@a《靓装时空》丛书
|
|
330
|
|
@a本书展示2004年最新的春夏时装款式,有连衣裙、衬衣、西装、休闲装等。
|
|
461
|
0
|
@12001 @a《靓装时空》丛书
|
|
606
|
0
|
@a女服@x服装量裁@j图集
|
|
690
|
|
@aTS94@v4
|
|
701
|
0
|
@a金版@AJin Ban@4主编
|
|
801
|
0
|
@aCN@b浙江省新华书店集团公司@c20071205
|
|
905
|
|
@dTS94@e51
|
|
|
|
|
| |
| 靓装时空:秋冬时装.A/[金版主编].-2版.-西安:陕西旅游出版社,2006 |
| 144页;26cm.-(《靓装时空》丛书) |
| |
| |
| ISBN 7-5418-2077-6:CNY26.80 |
| 本书展示2004年最新的春夏时装款式,有连衣裙、衬衣、西装、休闲装等。 |
| ● |
正题名:靓装时空
索取号:TS94/51
 
预约/预借
| 序号
|
登录号
|
条形码
|
馆藏地/架位号
|
状态
|
备注
|
|
1
|
344462
|
300344462
|
海科密-1楼/37架7列7层/
[索取号:TS94/51]
|
在馆
|
|
|
2
|
344463
|
300344463
|
海科密-1楼/37架7列7层/
[索取号:TS94/51]
|
在馆
|
|
|
3
|
344464
|
300344464
|
海科密-1楼/37架7列7层/
[索取号:TS94/51]
|
在馆
|
|
|
4
|
344465
|
300344465
|
海科密-1楼/37架7列7层/
[索取号:TS94/51]
|
在馆
|
|
|
5
|
344466
|
300344466
|
海科密-1楼/37架7列7层/
[索取号:TS94/51]
|
在馆
|
|